Mother India; (Record no. 214756)

MARC details
000 -LEADER
fixed length control field 00367nam a2200109 4500
005 - DATE AND TIME OF LATEST TRANSACTION
control field 20260210120723.0
008 - FIXED-LENGTH DATA ELEMENTS--GENERAL INFORMATION
fixed length control field 260210b |||||||| |||| 00| 0 eng d
245 ## - TITLE STATEMENT
Title Mother India;
Remainder of title Monthly Review Of Culture/
Statement of responsibility, etc Edited by S. Ravi
260 ## - PUBLICATION, DISTRIBUTION, ETC. (IMPRINT)
Place of publication, distribution, etc Pondicherry-605002
Name of publisher, distributor, etc Publication Department, Sri Aurobindo Ashram
Date of publication, distribution, etc 2025
300 ## - PHYSICAL DESCRIPTION
Extent VOL.LXXVIII ,NO.12
942 ## - ADDED ENTRY ELEMENTS (KOHA)
Source of classification or shelving scheme Dewey Decimal Classification
Item type Periodicals
Call number suffix MOT
Holdings
Withdrawn status Lost status Source of classification or shelving scheme Damaged status Not for loan Collection code Home library Current library Shelving location Date acquired Source of acquisition Cost, normal purchase price Total Checkouts Full call number Date last seen Copy number Cost, replacement price Price effective from Koha item type
    Dewey Decimal Classification   Not For Loan Non-fiction D.B.Act.Division D.B.Act.Division On Display 10/02/2026 DBAD 30.00   MOT 10/02/2026 1 30.00 10/02/2026 Periodicals

© Delhi Public Library
Hit Counter
free hit counter